[Event "FRA-chT2 East 0708"]
[Site "France"]
[Date "2007.11.25"]
[Round "3.6"]
[White "Koehler, Jerome"]
[Black "Castanier, Carl"]
[Result "1-0"]
[WhiteElo "2031"]
[BlackElo "1995"]
[PlyCount "99"]
[EventDate "2007.10.21"]
[EventType "team"]
[EventRounds "11"]
[EventCountry "FRA"]
[SourceTitle "EXT 2009"]
[Source "ChessBase"]
[SourceDate "2008.11.26"]
[SourceVersion "1"]
[SourceVersionDate "2008.11.26"]
[SourceQuality "1"]
[WhiteTeam "Obernai"]
[BlackTeam "Reims"]
[WhiteTeamCountry "FRA"]
[BlackTeamCountry "FRA"]

1. e4 e5 2. Nf3 Nc6 3. Bc4 Bc5 4. b4 Bxb4 5. c3 Ba5 6. d4 Qf6 7. 0-0 h6 8. Qb3 Nge7 9. dxe5 Qg6 10. Ba3 Bb6 11. Qc2 Qh5 12. Be2 Ng6 13. Nbd2 Ngxe5 14. Rae1 d6 15. Nxe5 Qxe5 16. Nc4 Qe6 17. Qa4 Bc5 18. Bxc5 dxc5 19. Ne3 0-0 20. Bc4 Qe5 21. Nd5 Be6 22. f4 Qd6 23. Rd1 Bxd5 24. Bxd5 Qe7 25. Bxc6 bxc6 26. Qxc6 Rad8 27. e5 Rxd1 28. Rxd1 Rd8 29. Rxd8+ Qxd8 30. Qxc5 Qd2 31. g3 Qxa2 32. Qxc7 Qb1+ 33. Kf2 Qc2+ 34. Ke3 Qxh2 35. Qd8+ Kh7 36. Qd3+ Kg8 37. Qd8+ Kh7 38. Qd3+ Kg8 39. Kf3 Qh1+ 40. Ke3 Qg1+ 41. Ke4 Qg2+ 42. Kd4 Qf2+ 43. Kd5 Qa2+ 44. c4 Kf8 45. f5 Ke7 46. Qd4 Qg2+ 47. Kc5 Qxg3 48. Qd6+ Ke8 49. Qb8+ Kd7 50. e6+ 1-0

[Event "FRA-chT2 East 0708"]
[Site "France"]
[Date "2007.11.24"]
[Round "2.5"]
[White "Poignot, Quentin"]
[Black "Castanier, Carl"]
[Result "1-0"]
[WhiteElo "2022"]
[BlackElo "1995"]
[PlyCount "125"]
[EventDate "2007.10.21"]
[EventType "team"]
[EventRounds "11"]
[EventCountry "FRA"]
[SourceTitle "EXT 2009"]
[Source "ChessBase"]
[SourceDate "2008.11.26"]
[SourceVersion "1"]
[SourceVersionDate "2008.11.26"]
[SourceQuality "1"]
[WhiteTeam "Besancon TPG II"]
[BlackTeam "Reims"]
[WhiteTeamCountry "FRA"]
[BlackTeamCountry "FRA"]

1. e4 e5 2. Nf3 Nc6 3. Bc4 Bc5 4. c3 Nf6 5. d4 exd4 6. cxd4 Bb4+ 7. Bd2 Bxd2+ 8. Nbxd2 d5 9. exd5 Ne7 10. Qa4+ Bd7 11. Qb3 0-0 12. Qxb7 Rb8 13. Qxa7 Nexd5 14. 0-0 Rxb2 15. Bb3 Qa8 16. Qxa8 Rxa8 17. Rfe1 Nf4 18. Nc4 Re2 19. Rxe2 Nxe2+ 20. Kf1 Nf4 21. Nce5 Be6 22. Bxe6 Nxe6 23. a4 Nd5 24. a5 Nb4 25. Ra4 Na6 26. Nc6 Kf8 27. Ke1 Ke8 28. Kd2 Kd7 29. Nce5+ Ke7 30. Kc3 f6 31. Nc6+ Kd6 32. Nb4 Nb8 33. Nd2 Nxd4 34. Kxd4 c5+ 35. Kc4 cxb4 36. Kxb4 Kc6 37. Nb3 Na6+ 38. Kc4 Rb8 39. Nd4+ Kb7 40. Ra1 Rc8+ 41. Kb3 Nc5+ 42. Kc4 Na6+ 43. Kd5 Rd8+ 44. Ke4 Nc5+ 45. Ke3 Re8+ 46. Kf3 Re5 47. Nc2 g5 48. g3 h5 49. Nb4 Rf5+ 50. Kg2 Na6 51. Nxa6 Kxa6 52. f3 Rc5 53. Ra2 Rc3 54. h4 Rc4 55. hxg5 fxg5 56. Ra3 Rc6 57. f4 gxf4 58. gxf4 Rf6 59. Kf3 h4 60. Kg4 Rh6 61. f5 Kb5 62. a6 Kc5 63. a7 1-0

[Event "FRA-chT2W 0203"]
[Site "France"]
[Date "2003.04.05"]
[Round "10"]
[White "Gaudin, Laetitia"]
[Black "Castanier, Carl"]
[Result "0-1"]
[WhiteElo "1199"]
[BlackElo "1990"]
[PlyCount "60"]
[EventDate "2002.10.??"]
[EventType "team"]
[EventRounds "11"]
[EventCountry "FRA"]
[SourceTitle "EXT 2004"]
[Source "ChessBase"]
[SourceDate "2003.11.25"]
[SourceVersion "1"]
[SourceVersionDate "2003.11.25"]
[SourceQuality "1"]
[WhiteTeam "Evry II"]
[BlackTeam "Migne Auxances"]
[WhiteTeamCountry "FRA"]
[BlackTeamCountry "FRA"]

1. e4 e5 2. Nf3 Nc6 3. d4 exd4 4. Nxd4 Bc5 5. Nxc6 Qf6 6. f3 bxc6 7. Bd3 Ne7 8. Nc3 a5 9. a3 0-0 10. Bd2 d5 11. b4 Bd4 12. Rb1 Bxc3 13. Bxc3 Qxc3+ 14. Qd2 axb4 15. Qxc3 bxc3 16. Rb3 d4 17. 0-0 Ng6 18. g3 Ne5 19. Kg2 Nxd3 20. cxd3 Ba6 21. Rd1 Rfb8 22. Rb4 c5 23. Ra4 Bxd3 24. Rxa8 Rxa8 25. Kf2 c4 26. Ke1 Rxa3 27. e5 Ra2 28. h4 Rh2 29. Rxd3 cxd3 30. Kd1 Rh1# 0-1

[Event "FRA-chT2W 0203"]
[Site "France"]
[Date "2003.03.16"]
[Round "9"]
[White "Delinotte, Axelle"]
[Black "Castanier, Carl"]
[Result "0-1"]
[WhiteElo "1760"]
[BlackElo "1990"]
[PlyCount "78"]
[EventDate "2002.10.??"]
[EventType "team"]
[EventRounds "11"]
[EventCountry "FRA"]
[SourceTitle "EXT 2004"]
[Source "ChessBase"]
[SourceDate "2003.11.25"]
[SourceVersion "1"]
[SourceVersionDate "2003.11.25"]
[SourceQuality "1"]
[WhiteTeam "Nantes"]
[BlackTeam "Migne Auxances"]
[WhiteTeamCountry "FRA"]
[BlackTeamCountry "FRA"]

1. e4 e5 2. Nf3 Nc6 3. Bc4 Bc5 4. Nc3 Nf6 5. d3 d6 6. Na4 Bb6 7. Nxb6 axb6 8. c3 0-0 9. h3 Qe7 10. 0-0 Nd8 11. Nh2 Ne6 12. Bxe6 Bxe6 13. a3 d5 14. Qe2 dxe4 15. dxe4 Qc5 16. Re1 Rfe8 17. Bg5 Nd7 18. Rad1 Nf8 19. Ng4 f6 20. Bxf6 gxf6 21. Nxf6+ Kg7 22. Nxe8+ Rxe8 23. Rd3 Qe7 24. Rg3+ Ng6 25. Qh5 Bf7 26. Rd1 Kh8 27. Qe2 Nf4 28. Qd2 Bh5 29. Re1 Rd8 30. Qc2 Rd6 31. Qb3 Bf7 32. Qa4 Nd3 33. Re2 Nc5 34. Qc2 h6 35. Qc1 Kh7 36. c4 Bg6 37. Rge3 Rd4 38. f3 Qd7 39. Kh2 Nd3 0-1

[Event "FRA-chT2W 0203"]
[Site "France"]
[Date "2003.02.02"]
[Round "7"]
[White "Edouard, Romain"]
[Black "Castanier, Carl"]
[Result "1/2-1/2"]
[WhiteElo "2084"]
[BlackElo "1990"]
[PlyCount "83"]
[EventDate "2002.10.??"]
[EventType "team"]
[EventRounds "11"]
[EventCountry "FRA"]
[SourceTitle "EXT 2004"]
[Source "ChessBase"]
[SourceDate "2003.11.25"]
[SourceVersion "1"]
[SourceVersionDate "2003.11.25"]
[SourceQuality "1"]
[WhiteTeam "Poitiers Buxerolles"]
[BlackTeam "Migne Auxances"]
[WhiteTeamCountry "FRA"]
[BlackTeamCountry "FRA"]

1. e4 e5 2. Nf3 Nc6 3. d4 exd4 4. Bc4 Nf6 5. 0-0 Nxe4 6. Re1 d5 7. Bxd5 Qxd5 8. Nc3 Qa5 9. Nxe4 Be6 10. Neg5 0-0-0 11. Nxe6 fxe6 12. Rxe6 Qd5 13. Qe2 h6 14. Qe4 Bc5 15. Bd2 Rhf8 16. Qxd5 Rxd5 17. Rae1 Nb4 18. Bxb4 Bxb4 19. Rd1 Rfd8 20. Rg6 Bf8 21. Ne1 c5 22. Kf1 R8d6 23. Rxd6 Bxd6 24. Nf3 b5 25. Ke2 Be5 26. Kd3 Bf6 27. Rd2 Rd8 28. b4 c4+ 29. Ke4 Re8+ 30. Kd5 c3 31. Rd3 Re2 32. Nxd4 Rxf2 33. Rxc3+ Kd7 34. Ra3 Bxd4 35. Kxd4 Rxg2 36. Rxa7+ Kc6 37. c3 Kb6 38. Re7 Rd2+ 39. Ke5 Re2+ 40. Kd6 Rd2+ 41. Ke6 g5 42. Kf5 1/2-1/2

[Event "FRA-chT2W 0203"]
[Site "France"]
[Date "2002.12.08"]
[Round "4"]
[White "Fantin, Alison"]
[Black "Castanier, Carl"]
[Result "0-1"]
[WhiteElo "1800"]
[BlackElo "2030"]
[PlyCount "96"]
[EventDate "2002.10.??"]
[EventType "team"]
[EventRounds "11"]
[EventCountry "FRA"]
[SourceTitle "EXT 2004"]
[Source "ChessBase"]
[SourceDate "2003.11.25"]
[SourceVersion "1"]
[SourceVersionDate "2003.11.25"]
[SourceQuality "1"]
[WhiteTeam "Clermont Ferrand"]
[BlackTeam "Migne Auxances"]
[WhiteTeamCountry "FRA"]
[BlackTeamCountry "FRA"]

1. e4 e5 2. Nf3 Nc6 3. d4 exd4 4. Nxd4 Bc5 5. Nxc6 Qf6 6. Qd2 dxc6 7. Bd3 Ne7 8. 0-0 0-0 9. Qf4 Ng6 10. Qxf6 gxf6 11. Nc3 Ne5 12. Bf4 Be6 13. Ne2 Rad8 14. Rfd1 Rd7 15. Bxe5 fxe5 16. Kf1 Rfd8 17. a3 Kg7 18. Ke1 h5 19. f4 f6 20. f5 Bf7 21. Ng3 Bg1 22. h4 Kh6 23. Ne2 Bb6 24. g3 a6 25. Rab1 c5 26. Nc3 c6 27. Bf1 c4 28. Rxd7 Rxd7 29. Rd1 Rd4 30. Bg2 Ba5 31. Ke2 b5 32. Nb1 Bb6 33. Nd2 a5 34. Nf1 c3 35. b3 c5 36. Rd3 a4 37. bxa4 Bc4 38. axb5 Bxb5 39. Ke3 Bxd3 40. cxd3 Ra4 41. Bf3 c4+ 42. Ke2 cxd3+ 43. Kxd3 Rxa3 44. Be2 Bd4 45. g4 Ra2 46. Bd1 Rf2 47. g5+ fxg5 48. hxg5+ Kxg5 0-1

[Event "FRA-chT2S 9798"]
[Site "France"]
[Date "1998.??.??"]
[Round "10"]
[White "Martin, Joel"]
[Black "Castanier, Carl"]
[Result "1-0"]
[WhiteElo "2065"]
[BlackElo "1870"]
[PlyCount "77"]
[EventDate "1997.??.??"]
[EventType "team"]
[EventRounds "9"]
[EventCountry "FRA"]
[SourceTitle "EXT 2003"]
[Source "ChessBase"]
[SourceDate "2002.11.25"]
[SourceVersion "1"]
[SourceVersionDate "2002.11.25"]
[SourceQuality "1"]

1. e4 e5 2. Nf3 Nc6 3. Bb5 d6 4. 0-0 Bg4 5. h3 Bd7 6. c3 g6 7. d4 Bg7 8. Bg5 Nge7 9. Qd2 h6 10. Bh4 g5 11. Bg3 Ng6 12. dxe5 Ncxe5 13. Bxd7+ Nxd7 14. Nd4 0-0 15. Nf5 Nc5 16. f3 Ne6 17. Na3 Ngf4 18. Rad1 Kh7 19. Nc4 Be5 20. Qc2 Qe8 21. Nxe5 dxe5 22. Rd5 f6 23. Rfd1 Nxd5 24. exd5 Ng7 25. Ne3+ Qg6 26. Qb3 b6 27. Qc4 Rac8 28. Qa6 e4 29. fxe4 Qxe4 30. Ng4 f5 31. Qxc8 Qe2 32. Qxf8 Qxd1+ 33. Kh2 fxg4 34. Be5 g3+ 35. Bxg3 Qxd5 36. Qe7 Kg6 37. Be5 Ne6 38. Qf6+ Kh5 39. Qf7+ 1-0